Responses for Show #6865 - Friday, June 20, 2014

Contestants

[<< previous game]

Stacy Gardner, a school secretary from Long Beach, California

Alison Meermans, a fundraising project manager from Lakewood, Ohio

Brian Keele, an architectural project manager from Atlanta, Georgia (whose 1-day cash winnings total $12,700)

[next game >>]

Jeopardy! Round responses

STARTS & ENDS WITH W
LANDMARKS
A WORLD OF CRAFTS, NO WAR
ON THE WHEATIES BOX
BREAKFAST
OF CHAMPIONS
    $200 6
wallow

Brian
    $200 1
the Taj Mahal

Brian
    $200 16
origami

Alison
    $200 17
Lou Gehrig

Brian
    $200 11
Eggo

Stacy
    $200 23
The Liberator

Triple Stumper
    $400 7
willow

Stacy
    $400 2
the Oregon Trail

Brian
    $400 18
a stencil

Brian
    $400 21
Bruce Jenner

Brian
    $400 12
a cappuccino

Stacy
    $400 24
Gloria Steinem

Alison
    $600 8
a wheelbarrow

Triple Stumper
    $600 3
the Space Needle

Alison
    $600 19
soldering

Brian
    $600 25
Babe Didrikson

Alison
    $600 13
Pop Tarts

Stacy
    $600 28
Pete Seeger

Alison
    $800 9
a widow

Stacy
    $800 4
the Brandenburg Gate

Brian
    $800 20
decoupage

Alison
    $800 26
Mary-Lou Retton

Brian
    $800 14
huevos rancheros

Brian
    $800 29
Liberia

Alison
    $1000 10
to winnow

Stacy
    $1000 5
the Sydney Opera House

Stacy
    $1000 22
crochet

Brian
    $1000 27
(Brian: Who is Johnny Weissmuller?)
...
(Alex: The "Million Dollar Mermaid" was not Johnny, it [laughter], it was [*]. Uh, back to ... )
(Brian: Close!)
[laughter]
(Alex: No! Not even close. Not "close", Brian! You've been hanging around those parties too much!)

Esther Williams

Brian
Triple Stumper
    $1,200 15
Log Cabin

Brian
    $1000 30
community

Alison

Scores at the first commercial break (after clue 15):

Brian Alison Stacy
$3,600 $600 $4,400

Scores at the end of the Jeopardy! Round:

Brian Alison Stacy
$6,000 $5,000 $4,400

Double Jeopardy! Round responses

STICK IT
LITERARY SHIPPING
DETROIT ROCK CITY
WHAT AN ARTIST DIES IN ME!
COLORFUL WORDS & PHRASES
THE ONLY PRESIDENT WHO...
    $400 26
a bow

Alison
    $400 2
(Alison: What is the Bounty?)
...
(Alex: [*] mutiny--that's it.)

the Caine

BrianAlison
    $400 3
the Motor City

Brian
    $400 17
(Leonardo) Da Vinci

Alison
    $400 1
(Brian: What is a golden tongue?)

a silver tongue

BrianAlison
    $400 12
(Alex: [*], Virginia.)

Thomas Jefferson

Triple Stumper
    $800 27
Candlestick Park

Brian
    $800 22
Captain Nemo

Alison
    $800 4
the White Stripes

Alison
    $800 18
Van Gogh

Brian
    $800 8
(Alex: [*]--that's the color.)

purple

Stacy
    $800 13
Eisenhower

Brian
    $1200 28
a walking stick

Brian
    $1200 23
The Red October

Stacy
    $1200 5
Bob Seger

Brian
    $1200 19
Michelangelo

Alison
    $1200 9
(Alex: That's your [*].)

"Redneck Woman"

Triple Stumper
    $1200 14
Gerald Ford

Alison
    $1600 29
a staff

Stacy
    $1,000 24
(Stacy: I'm drawing a blank.)
(Alex: Oh, that's too bad. you probably saw the film many years ago. [*].)

The African Queen

Stacy
    $1600 6
The Knack

Stacy
    $1600 20
Gauguin

Alison
    $1600 10
(Alex: The very [*] of perfection.)

pink

Triple Stumper
    $2,000 15
(Alison: Who is John Addams?)

Woodrow Wilson

Alison
    $2000 30
(Alex: [*] is the sport.)

Lacrosse

Brian
    $2000 25
the HispaƱola

Triple Stumper
    $2000 7
Mitch Ryder

Brian
    $2000 21
(Alex: If you noticed, "wrap" was highlighted in the clue. [*]. [*] Wrap. The writers were being cute.)

(Joshua) Reynolds

Triple Stumper
    $2000 11
Tavern on the Green

Alison
    $2000 16
(Alex: And that little guy was [*].)

James Madison

Triple Stumper

Scores at the end of the Double Jeopardy! Round:

Brian Alison Stacy
$15,200 $11,400 $8,600

[wagering suggestions for these scores]

Final Jeopardy! Round responses

DOGS & GEOGRAPHY
(Alex: [To Brian] I just bought myself a Nuna, $1500.)
StacyWhat is Newfoundland
$0
AlisonWhat are Newfoundland and Labrador ?
$7,000
BrianWhat Nuna? Vut?
$7,800
Newfoundland & Labrador

Final scores:

Brian Alison Stacy
$7,400 $18,400 $8,600
3rd place: $1,000 New champion: $18,400 2nd place: $2,000

Game dynamics:

Coryat scores:

Brian Alison Stacy
$15,000 $13,400 $9,600
21 R
(including 1 DD),
2 W
17 R,
2 W
(including 1 DD)
11 R,
1 W
(including 1 DD)

Combined Coryat: $38,000

[game clues] [game scores] [suggest correction]

Game tape date: 2014-02-19
The J! Archive is created by fans, for fans. Scraping, republication, monetization, and malicious use prohibited; this site may use cookies and collect identifying information. See terms. The Jeopardy! game show and all elements thereof, including but not limited to copyright and trademark thereto, are the property of Jeopardy Productions, Inc. and are protected under law. This website is not affiliated with, sponsored by, or operated by Jeopardy Productions, Inc. Join the discussion at JBoard.tv.